000 00485nam a2200169Ia 4500
008 160319s9999 xx 000 0 und d
245 _aPasintabi [videorecording] :
245 _bfrom lines to life : an introduction to animation /
260 _a[Manila :
260 _bTuldok Animation,
260 _cNA
300 _a1 videodisc :
300 _bsound, color ;
300 _c4 3/4 in.
500 _aAnimated films -- Philippines.
650 _xShort films -- Philippines.
999 _c292413
_d292413